| 000 | 01483nam a2200361 i 4500 | ||
|---|---|---|---|
| 001 | 13615 | ||
| 003 | KOSZ 005 | ||
| 005 | 20240405063018.0 | ||
| 008 | 071122s1971 pl a f 000 0 pol | ||
| 015 | _aPB 1971/2653 | ||
| 035 | _a(OCoLC)802074559 | ||
| 040 |
_aWA N _cWA N _dKOSZ 005/KK |
||
| 080 | _a339:330 | ||
| 245 | 0 | 0 |
_aKonsumpcja w gospodarce planowej : _bpraca zbiorowa / _c[aut. Andrzej Hodoly et al. ; red. nauk. Bogdan Kołodziejek]. |
| 260 |
_aWarszawa : _bPaństwowe Wydawnictwo Ekonomiczne, _c1971. |
||
| 300 |
_a526, [2] stron : _bilustracje, mapa ; _c23 cm. |
||
| 336 |
_2rdacontent _aTekst _btxt |
||
| 337 |
_2rdamedia _aBez urządzenia pośredniczącego _bn |
||
| 338 |
_2rdacarrier _aWolumin _bnc |
||
| 380 | _aKsiążki. | ||
| 490 | 1 | _aMonografie i Opracowania Instytutu Podstawowych Problemów Handlu Szkoły Głównej Planowania i Statystyki. | |
| 504 | _aBibliografia na stronach 521-526. | ||
| 650 | 4 | _aSpożycie | |
| 658 | _aGospodarka, ekonomia, finanse | ||
| 648 | 4 | _a1901-2000 | |
| 648 | 4 | _a1945-1989 | |
| 700 | 1 | _aHodoly, Andrzej. | |
| 700 | 1 |
_aKołodziejek, Bogdan. _eRed. |
|
| 710 | 2 |
_aPaństwowe Wydawnictwo Ekonomiczne _4pbl. |
|
| 830 | 0 | _aMonografie i Opracowania Instytutu Podstawowych Problemów Handlu Szkoły Głównej Planowania i Statystyki. | |
| 856 |
_uhttp://koha.tu.koszalin.pl/cgi-bin/koha/opac-detail.pl?biblionumber=13615 _yKatalog online BPK |
||
| 942 |
_2UKD _cKS |
||
| 999 |
_c13615 _d13615 |
||